00182nam a2200073Ia 4500008004100000100001900041245003000060260001800090170523s9999 xx 000 0 und d aMishra- K.L.P. 0aThory of Computer Science aPHI New Delhi